Riconosci lo Stato - Quiz n°171 - Statistics

Statistiche generali
  • Questo quiz è stato fatto 30 volte
  • Il punteggio medio è 11 su 13
Statistiche sulle risposte
Indizio Risposta % Corretto
Popolazione 17 550 654 ab.
96%
Re Guglielmo Alessandro
96%
Iniziale della Capitale A
92%
Fuso Orario UTC+1 UTC+2 in ora legale
92%
Indipendenza 16 marzo 1815 sancita dal Congresso di Vienna
84%
Superficie 41 543 km²
84%
Valuta Euro
84%
Ministro-Presidente Mark Rutte (dimissionario)
84%
Forma di Governo Monarchia parlamentare
84%
ISU 0,941
72%
PIL (nominale) 770 867 milioni di $
72%
Tasso di crescita 0,42%
68%
Risposta Paesi Bassi
68%
Nessun quiz corrispondente trovato
Distribuzione punteggi
Percentuale di utenti per punteggio
Percentile per numero di risposta
I tuoi punteggi nel tempo
Non hai fatto questo quiz